Célébrités - Cimetière du Père-Lachaise - Statistiques

Statistiques générales
  • Ce quiz a été pris 65 fois
  • Le résultat moyen est 8 sur 28
Statistiques - réponses
Hint Réponse % Correct
Auteur dramaturge & Acteur, ✝ 1673 Molière
83%
Chanteuse, ✝ 1963 Édith Piaf
65%
Chanteur, ✝ 1971 Jim Morrison
56%
Écrivain & Poète, ✝ 1695 Jean de La Fontaine
48%
Cantatrice, ✝ 1977 Maria Callas
42%
Écrivain, ✝ 1850 Honoré de Balzac
40%
Préfet de Seine, ✝ 1891 Baron Haussmann
35%
Musicien & Compositeur, ✝ 1849 Frédéric Chopin
35%
Peintre, ✝ 1863 Eugène Delacroix
33%
Humoriste, ✝ 1988 Pierre Desproges
33%
Écrivain, ✝ 1900 Oscar Wilde
31%
Père du métro parisien, ✝ 1936 Fulgence Bienvenûe
29%
Poète, ✝ 1918 Guillaume Apollinaire
29%
Peintre, ✝ 1824 Théodore Géricault
25%
Écrivain, ✝ 1922 Marcel Proust
23%
Chanteur & Comédien, ✝ 1991 Yves Montand
23%
Poète, ✝ 1952 Paul Eluard
21%
Agronome, ✝ 1813 Antoine Parmentier
19%
Comédienne, ✝ 1923 Sarah Bernhardt
19%
Écrivain, ✝ 1799 Beaumarchais
17%
Actrice, ✝ 1985 Simone Signoret
17%
Écrivain, ✝ 1857 Alfred de Musset
15%
Peintre, ✝ 1867 Dominique Ingres
13%
Peintre, ✝ 1903 Camille Pissaro
8%
Femme de lettres, ✝ 1946 Gertrude Stein
8%
Peintre, ✝ 1920 Amedeo Modigliani
6%
Philosophe, ✝ 1857 Auguste Comte
6%
Écrivain & Dramaturge, ✝ 1929 Georges Courteline
6%
Aucun quiz correspondant
Distribution des résultats
% des personnes avec chaque résultat
Percentile par nombre de réponses
Votre historique - résultats
Vous n’avez pas pris ce quiz